Piccolo manuale per perdere la fede /

Gardado en:
Detalles Bibliográficos
Autor Principal: Torno, Armando (Author)
Formato: Libro
Idioma:Lingua italiana
Publicado: Milano : A. Mondadori, 1995
Series:Passepartout ; 29
Subjects:
Tags: Engadir etiqueta
Sen Etiquetas, Sexa o primeiro en etiquetar este rexistro!

MARC

LEADER 00000nam a2200000 i 4500
001 IT\ICCU\REA\0035298
003 ItRI
005 20251111201452.0
008 951122s1995 it |||||| ||||| |||||c
015 |2 IT  |a 96-6177 
020 |a 8804404264 
040 |b ita  |c Arcigay Viterbo 
041 7 |a ita  |2 ISO-639-2 
082 |a 211  |2 20 
100 1 |a Torno, Armando  |0 IT\ICCU\CFIV\037361  |4 aut 
245 1 0 |a Piccolo manuale per perdere la fede /  |c compilato da Armando Torno. 
260 |a Milano :  |b A. Mondadori,  |c 1995 
300 |a VI, 134 p. ;  |c 18 cm 
500 |a In custodia con: Piccolo manuale per ritrovare la fede. 
650 7 |a Dio  |x Aforismi e sentenze  |2 scbi 
830 0 |a Passepartout ;  |v 29  |0 IT\ICCU\RAV\0203127 
942 |2 ddc  |c BK  |n 0 
952 |0 0  |1 0  |2 ddc  |4 0  |6 211_000000000000000_TOR_PIC_A  |7 0  |9 9896  |a VT  |b VT  |d 2025-11-11  |e Dono della Biblioteca Consorziale di Viterbo  |i B457  |l 0  |o 211 TOR PIC a  |p B457  |r 2025-11-11 20:18:19  |w 2025-11-11  |y BK  |z Dono della Biblioteca Consorziale di Viterbo 
981 1 |6 z01  |a i   |b xxxe  
982 1 |6 z01  |a n 
999 |c 8259  |d 8259